LEADER 01231nam a2200313 a 4500 001 000000151928 003 CaOOAMICUS 005 20160520115521.0 008 160520s2016 it u000 u ita r 020 $z978-8869444791* 032 $aLibriCat 040 $aPUL$bita 082 14$a261.5 100 1 $aEnriques, Federigo,$d1871-1946.$0(OLS)http://pul/name/22659 245 12$aL'anima religiosa della scienza /$cFederigo Enriquez ; introduzione di Mario Castellana. 260 $aRoma :$bCastelvecchi,$c©2016. 300 $a58 p. ;$c18 cm. 490 1 $aEtcetera 650 4$aReligione e scienza.$0(OLS)http://pul/subject/147 700 1 $aCastellana, Mario.$0(OLS)http://pul/name/96670 830 0$aEtcetera.$0(OLS)http://pul/title/166559 850 $aPUL 852 $aPUL$W1$xSL Religione 3$y85$m261. 5 ENRFE 1$j174599$qDDC 21$B177155$CPULBib$Z2$F177155 $H127741 $81 941 1 $a9 996 $6020$z978-8869444791*$9(OLS)http://pul/number/160401 996 $6082$a261.5$9(OLS)http://pul/classification/417 996 $6245$aL'anima religiosa della scienza$9(OLS)http://pul/title/191243 996 $6260$aRoma :$bCastelvecchi$9(OLS)http://pul/publisher/80087 LEADER 01585nam a2200361 a 4500 001 000000125252 003 CaOOAMICUS 005 20110511095914.0 008 110511s2011 vc u000 u ita r 020 $a978-88-465-0727-3 040 $aPUL$bita 041 1 $aita$hger 082 04$a230 100 1 $aScheffczyk, Leo,$ccard.,$d1920-2005.$0(OLS)http://pul/name/11986 240 10$aGott der Offenbarung.$lItaliano.$0(OLS)http://pul/title/157914 245 13$aIl Dio della Rivelazione :$bdottrina di Dio /$cLeo Scheffczyk ; testo curato per l'edizione italiana da Manfred Hauke. 260 $aCittą del Vaticano :$bLateran University Press,$c©2011. 300 $a534 p. ;$c25 cm 490 1 $aDogmatica cattolica ;$v02 500 $aInclude indice. 504 $aBibliografia p. 449-487. 650 4$aTeologia dogmatica.$0(OLS)http://pul/subject/663 650 4$aDio (teologia).$0(OLS)http://pul/subject/11917 700 1 $aHauke, Manfred,$csacerdote,$d1956-$0(OLS)http://pul/name/26742 830 0$aDogmatica cattolica ;$v02.$0(OLS)http://pul/title/152501 850 $aPUL 852 $aPUL$W1$xSL Religione 3$y85$m230 COLL 4.2$j144228$qDDC 21$B143257$CPULBib$Z2$F143257 $H116576 $82 941 1 $a9 996 $6020$a978-88-465-0727-3$9(OLS)http://pul/number/147113 996 $6082$a230$9(OLS)http://pul/classification/368 996 $6245$aIl Dio della Rivelazione :$bdottrina di Dio$9(OLS)http://pul/title/157915 996 $6260$aCittą del Vaticano :$bLateran University Press$9(OLS)http://pul/publisher/74585